Suprime Court Civil Appeal No.6 of 1999 Francis Semmbuya vs Allports Services( U) Ltd. (Record no. 2486)

MARC details
000 -LEADER
fixed length control field 00851nam a22001457a 4500
008 - FIXED-LENGTH DATA ELEMENTS--GENERAL INFORMATION
fixed length control field 110608t xxu||||| |||| 00| 0 eng d
010 ## - LIBRARY OF CONGRESS CONTROL NUMBER
LC control number SCCAF-10
245 ## - TITLE STATEMENT
Title Suprime Court Civil Appeal No.6 of 1999 Francis Semmbuya vs Allports Services( U) Ltd.
260 ## - PUBLICATION, DISTRIBUTION, ETC. (IMPRINT)
Date of publication, distribution, etc 1999
500 ## - GENERAL NOTE
General note CORAM: Wambuzi.C.J. Oder ,Tsekooko, Karokoro and Kayemba .J.J.S.C
500 ## - GENERAL NOTE
General note An Appeal from the decision of the Court of Appeal at Kampala Mayindo -D.C.J.,Mpagi -Bahigaine, Twinomujuni.J.C.A dated 2/12/1998 in Civil Appeal No.23 OF 1997
Holdings
Withdrawn status Lost status Source of classification or shelving scheme Damaged status Not for loan Location (home branch) Sublocation or collection (holding branch) Shelving location Date acquired Koha issues (times borrowed) Piece designation (barcode) Koha date last seen Price effective from Koha item type Koha date last borrowed
    Dewey Decimal Classification     Law Development Centre Main Library Law Development Centre Main Library Law Reports 06/08/2011   2011/2837 06/08/2011 06/08/2011 Un Reported Cases  
    Dewey Decimal Classification     Law Development Centre Main Library Law Development Centre Main Library Law Reports 06/08/2011 1 2011/2838 10/13/2011 06/08/2011 Un Reported Cases 10/13/2011
    Dewey Decimal Classification     Law Development Centre Main Library Law Development Centre Main Library Law Reports 06/08/2011   2011/2839 06/08/2011 06/08/2011 Un Reported Cases